| 000 | 00327nam a22001217a 4500 | ||
|---|---|---|---|
| 082 |
_a658 _bSUB/S |
||
| 100 | _aSUBRAMANIAM, V | ||
| 245 | _aSOCIAL BACKGROUND OF INDIA'S ADMINISTRATORS | ||
| 260 |
_aDELHI _bMINISTRY OF INFORMATION AND BROADCASTING _c1971 |
||
| 300 | _a177 | ||
| 650 |
_aINDIAN ADMINISTRATIONS _zINDIA |
||
| 942 | _cBK | ||
| 999 |
_c5416 _d5416 |
||